[Event "Mittelfranken-chTB2b 1819"]
[Site "Mittelfranken"]
[Date "2019.02.10"]
[Round "5.6"]
[White "Hetzner, Matthias"]
[Black "Fleischmann, Norbert"]
[Result "1/2-1/2"]
[WhiteElo "1643"]
[BlackElo "1594"]
[PlyCount "53"]
[EventDate "2018.10.14"]
[EventType "team-tourn"]
[EventRounds "9"]
[EventCountry "GER"]
[SourceTitle "EXT 2022"]
[Source "ChessBase"]
[SourceDate "2021.10.06"]
[SourceVersion "1"]
[SourceVersionDate "2021.10.06"]
[SourceQuality "1"]
[WhiteTeam "Erlangen SC IV"]
[BlackTeam "Muehlhof/Schwabach II"]
[WhiteTeamCountry "GER"]
[BlackTeamCountry "GER"]

1. e4 c5 2. Nf3 d6 3. d4 cxd4 4. Nxd4 Nf6 5. Nc3 a6 6. f3 e6 7. Be3 b5 8. Qd2 Be7 9. a4 b4 10. Na2 a5 11. Bb5+ Bd7 12. Rd1 0-0 13. Bxd7 Nfxd7 14. Nb5 Ra6 15. b3 Ne5 16. Nc1 Bh4+ 17. Ke2 Be7 18. Nd3 Nxd3 19. cxd3 Rc6 20. Rc1 Qd7 21. d4 Rfc8 22. Rxc6 Rxc6 23. Rc1 Rxc1 24. Qxc1 Nc6 25. Qc2 Bf6 26. Qd3 Be7 27. Qc2 1/2-1/2

[Event "Mittelfranken-chTB2b 1819"]
[Site "Mittelfranken"]
[Date "2018.11.04"]
[Round "2.5"]
[White "Traut, Gerhard"]
[Black "Fleischmann, Norbert"]
[Result "1/2-1/2"]
[WhiteElo "1728"]
[BlackElo "1594"]
[PlyCount "79"]
[EventDate "2018.10.14"]
[EventType "team-tourn"]
[EventRounds "9"]
[EventCountry "GER"]
[SourceTitle "EXT 2022"]
[Source "ChessBase"]
[SourceDate "2021.10.06"]
[SourceVersion "1"]
[SourceVersionDate "2021.10.06"]
[SourceQuality "1"]
[WhiteTeam "Uttenreuth"]
[BlackTeam "Muehlhof/Schwabach II"]
[WhiteTeamCountry "GER"]
[BlackTeamCountry "GER"]

1. e4 c5 2. Nf3 d6 3. d4 cxd4 4. Nxd4 Nf6 5. Nc3 a6 6. Be2 e6 7. 0-0 Be7 8. Be3 0-0 9. f4 Qc7 10. g4 Re8 11. g5 Nfd7 12. Bf3 Nc6 13. h4 Nxd4 14. Bxd4 e5 15. Nd5 Qc6 16. Be3 Nc5 17. f5 Bf8 18. c4 b5 19. Rc1 b4 20. Nxb4 Qd7 21. Nd5 Rb8 22. b3 Rd8 23. h5 Kh8 24. Rc2 Bb7 25. Nc3 Be7 26. Rd2 Qc7 27. Qe2 Qa5 28. Rc1 f6 29. Qg2 Rg8 30. Rb2 Nd3 31. Rbb1 Nxc1 32. Rxc1 Qd8 33. g6 h6 34. Qd2 Bf8 35. Be2 Qc7 36. c5 Rd8 37. c6 Qxc6 38. Bc4 d5 39. Nxd5 Qd6 40. Qa5 1/2-1/2

[Event "Mittelfranken-chTB2b 0910"]
[Site "Mittelfranken"]
[Date "2010.03.14"]
[Round "8.8"]
[White "Heinz, Manfred"]
[Black "Fleischmann, Norbert"]
[Result "1-0"]
[WhiteElo "1761"]
[BlackElo "1699"]
[PlyCount "85"]
[EventDate "2009.10.11"]
[EventType "team-tourn"]
[EventRounds "9"]
[EventCountry "GER"]
[SourceTitle "EXT 2011"]
[Source "ChessBase"]
[SourceDate "2010.11.26"]
[SourceVersion "1"]
[SourceVersionDate "2010.11.26"]
[SourceQuality "1"]
[WhiteTeam "Heilsbronn"]
[BlackTeam "Schwabach"]
[WhiteTeamCountry "GER"]
[BlackTeamCountry "GER"]

1. Nf3 Nf6 2. d4 d5 3. e3 e6 4. Bd3 Be7 5. Nbd2 0-0 6. 0-0 Nc6 7. c3 a6 8. e4 dxe4 9. Nxe4 b5 10. Qc2 h6 11. Nxf6+ Bxf6 12. Rd1 Bb7 13. Bh7+ Kh8 14. Be4 Rb8 15. Bf4 Qe7 16. d5 exd5 17. Bxd5 Rfd8 18. Re1 Qd7 19. Rad1 Nb4 20. cxb4 Bxd5 21. Qxc7 Rbc8 22. Qxd7 Rxd7 23. Be5 Rcd8 24. Bxf6 gxf6 25. Rd3 Bb7 26. Rde3 Kg7 27. Kf1 Rd1 28. Rxd1 Rxd1+ 29. Re1 Rxe1+ 30. Kxe1 Bd5 31. b3 f5 32. Ke2 Kf6 33. Ke3 Be4 34. Kd4 Bb1 35. a4 Bc2 36. axb5 axb5 37. Kc5 Bxb3 38. Kxb5 Bd5 39. Kc5 Be4 40. Kd6 f4 41. b5 Kf5 42. Nd4+ Kg4 43. f3+ 1-0